| 000 | 00574nam a22001937a 4500 | ||
|---|---|---|---|
| 003 | OSt | ||
| 005 | 20240212155854.0 | ||
| 008 | 190403b xxu||||| |||| 00| 0 eng d | ||
| 020 | _a9788185790541 | ||
| 040 |
_cIIMT UNIVERSITY, MEERUT _dSEROSOFT |
||
| 100 | _aKALE & KALE | ||
| 245 |
_aPRACTICAL HUMAN ANATOMY AND PHYSIOLOGY _cAUTHOR _hENGLISH |
||
| 260 |
_aDELHI _bNIRALI _c2019 |
||
| 300 |
_aPAPERBACK _b114 P P. |
||
| 760 | _b8TH ED | ||
| 856 |
_3PAPERBACK _uANATOMY _zANATOMY |
||
| 887 | _2TITLE | ||
| 942 |
_2ddc _c01 _e8TH _hTITLE _iBOOK _k615.852 KAL _m615.852 KAL |
||
| 999 |
_c45246 _d45246 |
||